000 00668nam a22001937a 4500
005 20251108165241.0
008 250721s1985 xx 000 0 ara d
082 1 4 _a915.666/محم
100 1 _aمتولي، محمد
245 1 0 _aجغرافية الخليج :
_bالخليج العربي و خليج عمان و دول شرق الجزبره العربية /
250 _aط2 ، مزيدة ومنقحه
264 1 _aالكويت :
_bمكتبة الفلاح،
_c1985.
300 _a454ص : خرائط
650 1 7 _aالخليج العربي
650 1 7 _aالجغرافيا
700 1 _aأبو العلا، محمود
942 _2ddc
_cBK
999 _c23225
_d23225